000 01903nam a2200433 a 4500
001 000108464
003 CHAP
005 20240524121805.0
008 140217s2012 it abj |r| ||||||eng d
010 _a104926
011 _a105898
020 _a9789250071046
040 _cCHAP
082 0 4 _a639.2
_bF62b v.18
245 0 _aScience and management of small pelagics = Science et amenagement des petits pelagiques :
_bSymposium on Science and the Challenge of Managing Small Pelagic Fisheries on Shared Stocks in Northwest Africa, 11-14 March 2008, Casablanca, Morocco, = Symposium sur la science et le défi de l'amenagement des pêcheries de petits pélagiques sur les stocks partagés en Afrique nord-occidentale, 11-14 mars 2008, Casablanca, Maroc /
_ceditado por Serge Garcia, Merete Tandstad, Anna Maria Caramelo.
260 _aRoma :
_bFAO,
_c2012.
300 _axxii, 403 p.
_e, + 1 CD ROM (4 3/4 pls)
490 1 _aFisheries proceedings
_v; 18
504 _aIncluye bibliografía
546 _aEdición bilingüe (Ingles, francés)
590 _aE5995AHE
_b05
_c20140217
590 _aE5995AHE
_b05
_c20140217
590 _aE5995AHE
_b05
_c20140217
650 1 4 _aAdministración pesquera
_9933
650 1 4 _aEcología marina.
_935183
650 1 4 _aPesca pelágica.
_987439
650 1 4 _aPesca
_xAfrica del Noroeste.
_987355
650 1 4 _aPesca
_xEfecto del medio ambiente.
_987375
650 1 4 _aPesca
_zÁfrica Occidental.
_987424
650 1 4 _aRecursos marinos.
700 0 _aTandstad, M.
_e, ed.
_9111583
700 1 _aCaramelo, A.M.
_b, ed.
_9175563
700 1 _aGarcía, Serge M.
_e,ed.
_946814
711 2 _aSymposium on Science and the Challenge of Managing Small Pelagic Fisheries on Shared Stocks in Northwest Africa
_d(2008 :
_cCasablanca, Morocco)
_9125443
830 0 0 _aFisheries proceedings
_v, 18
_941120
901 _aBK
942 _cLIBRO
_2ddc
942 _n0
_2ddc
999 _c104926
_d104926